000 00455nam a2200205Ia 4500
005 20240823013724.0
008 240823s9999||||xx |||||||||||||| ||und||
020 _a0-07-058600-4
041 _aENGLISH
082 _A530 P4
100 _aRajendran V
245 0 _aPhysics I
250 _a1st
260 _b"TMH,New "
_aNew Delhi
500 _aTRANSFERED
650 _aPhysics
_bPhysics
700 _a Marikani A
942 _cBK
999 _c168043
_d168043